00420 2200169 4500001002100000005001500021035002000036008004100056245003400097100001200131260003300143300001200176084001400188082000800202650001400210990002600224INLIS00000000000024920240112032709 a0010-0823000249240112 0 ind 1 a101 Hadist Tentang Budi Luhur aM. Said aBandung :bAl Ma'arif,c1986 a48 hlm. a2x2 SAI s a2x2 4aAl-Hadist a0531/STITINKA/01/2023